| 000 | 00643nam a22001937a 4500 | ||
|---|---|---|---|
| 999 |
_c4612 _d4612 |
||
| 001 | 6270 | ||
| 003 | BD-DhUAP | ||
| 005 | 20201115145619.0 | ||
| 008 | 201115s2001 bg |||| |||| 000 0 ben d | ||
| 020 | _a9844583179 | ||
| 040 |
_aBD-DhUAP _bBen _cBD-DhUAP _dBD-DhUAP |
||
| 082 |
_223 _a582.16 BAR |
||
| 100 | _aবড়ুয়া, বিপ্রদাশ। | ||
| 245 |
_aও বৃক্ষ, ও নিসর্গ / _cবিপ্রদাশ বড়ুয়া। |
||
| 260 |
_aঢাকা : _bসময়, _c২০০১। |
||
| 300 |
_a২০৭ পৃষ্ঠা ; _c২৩ সেমি.। |
||
| 650 | _aTrees. | ||
| 942 |
_2ddc _cBK |
||